000 03785nkm0a2200577 4500
001 RU\NLR\BIBL_A\022628415
005 20260204000000.0
035 _a(NLR Aleph) 022628415
071 5 0 _d8 коп.
090 _a89051
_c89051
100 _a20250923d1945 u y0rusy50 ca
101 0 _arus
102 _aRU
116 _adiycxx bk ae
135 _acrcn 024anaba
181 0 _ab4
_bxb2e
182 0 _an
200 1 _aСталинским соколам слава!
_e[закрытое письмо]
_fхудожник И. Кин
203 _aИзображение
_bнеподвижное
_bдвухмерное
_bвизуальное
_cнепосредственное
210 _a[Москва]
_cХудож.-эстампная мастерская МТХ
_d[1945
_eМосква]
_gТип. "Красное знамя"
215 _a1 л. (слож. вдвое)
_cцв. цинкогр.
_d21,3х15,5 (10,8х15,5)
300 _aНа закрытом письме также сведения о заказчике: По заказу Военкнижторга
300 _aЦенз. разрешение: Г26.7.45
300 _aВ вып. дан.: Заказ 1893
309 _aДвойной формуляр, без клеевой полосы
325 _aКопия доступна в Электрон. б-ке РНБ
327 0 _aСоветские военные самолеты среди облаков
606 1 _aПочтовые открытки маркированные художественные
_yСССР
_z1941 - 1945
_2nlr_sh2
_3RU\NLR\AUTH\661531868
606 1 _aВоенные самолеты
_yСССР
_z1941 - 1945
_jОткрытки
_2nlr_sh1
_2nlr_sh2
_3RU\NLR\AUTH\661422946
610 1 _aЗакрытые письма
686 1 _aЩ153(2)7-489
700 1 _aКин
_bИ.
_4040
712 0 2 _aМосковское товарищество художников
_bХудожественно-эстампная мастерская
_3RU\NLR\AUTH\880618537
_4650
712 0 2 _a"Красное знамя", типография
_cМосква
_3RU\NLR\AUTH\8810047235
_4610
712 0 2 _a"Военкнижторг", контора
_cМосква
_3RU\NLR\AUTH\880592869
_4570
830 _aКин И.: http://painters.artunion.ru/2-11-2.htm (05.11.2024) - нет. Возможно, одно лицо с художником: Янис Кинс (1909-1969): https://www.antonia.lv/ru/aukcion/61/lot-210-janis-kins-1909-1969; Кинс Янис Юрьевич: https://www.rgali.ru/person/609915; Кин (Кинс) Янис Юрьевич / 21.01.1969 /: http://painters.artunion.ru/2-11-2.htm (05.11.2024). Кин Ян Юрьевич: Выставки советского изобразительного искусства. Москва : Советский художник, 1978. Т. 3. С. 458. ЭК РНБ: Кин, Ян Юрьевич. АЯ ОЭФ
830 _a"Jānis Kīns Roles: artist, graphic artist, illustrator 03.07.1909 – 21.01.1969": https://www.literatura.lv/en/persons/janis-kins (05.11.2024). АЯ ОЭФ
830 _aДатировка - по цензурному разрешению. АЯ ОЭФ
852 0 0 _aNLR
_bЭ
_jО-ЗП-3/1945-К
_mЭот98836
856 0 _uhttps://vivaldi.nlr.ru/lo500003978/view
856 1 _uhttps://vivaldi.nlr.ru/lo500003978/cover
856 2 _uhttps://vivaldi.nlr.ru/lo500003978/text
942 _cVISUAL
945 _aРоссийская национальная библиотека
980 _aNB
980 _aBV
981 1 7 _a(17) Изографические материалы
_b(17) Открытки